Le roman tragique de l'Empereur Alexandre II / (Record no. 189079)

MARC details
000 -LEADER
campo de control de longitud fija 00640nam a2200169 i 4500
001 - NÚMERO DE CONTROL
campo de control 189079
003 - IDENTIFICADOR DE NÚMERO DE CONTROL
campo de control ES-MaACL
005 - FECHA Y HORA DE LA ÚLTIMA TRANSACCIÓN
campo de control 20230906223355.0
008 - DATOS DE LONGITUD FIJA--INFORMACIÓN GENERAL
campo de control de longitud fija 190327s1923 sp |||| |dspa d
100 1# - ENTRADA PRINCIPAL--NOMBRE DE PERSONA
Nombre de persona Paléologue, Maurice.
9 (RLIN) 88547
245 13 - MENCIÓN DEL TÍTULO
Título Le roman tragique de l'Empereur Alexandre II /
Mención de responsabilidad, etc. Maurice Paléologue.
260 ## - PUBLICACIÓN, DISTRIBUCIÓN, ETC.
Lugar de publicación, distribución, etc. Paris :
Nombre del editor, distribuidor, etc. Librairie Plon,
Fecha de publicación, distribución, etc. [1923]
300 ## - DESCRIPCIÓN FÍSICA
Extensión 252 p. ;
Dimensiones 18 cm.
600 04 - PUNTO DE ACCESO ADICIONAL DE MATERIA--NOMBRE DE PERSONA
Nombre de persona Alejandro
Numeración II
Títulos y otros términos asociados al nombre Emperador de Rusia.
9 (RLIN) 166715
651 #4 - PUNTO DE ACCESO ADICIONAL DE MATERIA--NOMBRE GEOGRÁFICO
Nombre geográfico Rusia-
Subdivisión general Historia-
Subdivisión cronológica 1855-1881, Alejandro II.
9 (RLIN) 166716
852 ## - LOCALIZACIÓN
Ubicación ES-MaACL
Número de control de estantería L-32251
Nota libre - Enc. cart.
-- . - Donat. herederos de la bibl. de Mª del Pilar Costa Palacín
Holdings
Estatus retirado Estado de pérdida Estado de daño No para préstamo Biblioteca de origen Biblioteca actual Ubicación en estantería Fecha de adquisición Fuente de adquisición Total de préstamos Signatura topográfica completa Código de barras Visto por última vez Precio de reemplazo Tipo de ítem Koha
        Biblioteca del Ateneo de Madrid Biblioteca del Ateneo de Madrid Depósito 2 27/03/2019     L-32251 1200251 23/02/2023 23/02/2023 Libro impreso